| 000 | 01071cam a22002411 4500 | ||
|---|---|---|---|
| 001 | gs 31000147 | ||
| 003 | DLC | ||
| 005 | 20260227111335.0 | ||
| 008 | 911113s1930 ag aef 000 0 spa c | ||
| 010 | _ags 31000147 | ||
| 035 | _a(OCoLC)24771580 | ||
| 040 |
_aLibrary, U. S. Geological Survey _cTxU _dTxU _dDLC |
||
| 042 | _apremarc | ||
| 050 | 1 | 0 |
_aQE231 _b.A35 no. 91 |
| 100 | 1 | _aTapia, Augusto. | |
| 245 | 1 | 0 |
_aCondiciones hidrogeológicas de los campos de la "S. A. Estancias y colonias Trenel" territorio nacional de la Pampa, _cpor Augusto Tapia. |
| 260 |
_aBuenos Aires, _bTalleres gráficos del Ministerio de agricultura de la nación, _c1930. |
||
| 300 |
_a27 p. incl. tables. _bIV fold. pl. (3 plans, profile) _c27 cm. |
||
| 490 | 1 |
_a[Argentine republic] Dirección general de minas, geología e hidrología. Publicación _vno. 91 |
|
| 500 | _aAt head of title: República argentina. Ministerio de agricultura de la nación. | ||
| 650 | 0 |
_aWater-supply _zArgentina. |
|
| 810 | 1 |
_aArgentina. _bDirección General de Minas y Geología. _tPublicación ; _vno. 91. |
|
| 999 |
_c26878 _d26878 |
||